LEADER 01294nam0-22004211--450- 001 990008203250403321 005 20080411101939.0 010 $a88-204-7222-8 020 $aIT$b92-9302 035 $a000820325 035 $aFED01000820325 035 $a(Aleph)000820325FED01 035 $a000820325 100 $a20051012d1992----km-y0itay50------ba 101 0 $aita 102 $aIT 105 $ay----n--001yy 200 1 $aOpportunitą e tendenze del turismo comunitario$frelazioni di V. Cesarini ... [et al.]$ga cura di Lucio Scognamiglio 210 $aMilano$cF. Angeli$d1992 215 $a125 p.$d22 cm 225 1 $aTurismo, consumi, tempo libero$v6 300 $aPresentate a un convegno tenuto a Firenze nel 1990 300 $aSul front.: Eurosportello Confesercenti; Banca Toscana 610 0 $aTurismo$aEconomia 610 0 $aTurismo$aPolitiche pubbliche 676 $a338.4791 676 $a380.1$v11$zita 702 1$aCesarini,$bVladimiro 702 1$aScognamiglio,$bLucio 801 0$aIT$bUNINA$gRICA$2UNIMARC 901 $aBK 912 $a990008203250403321 952 $a338.4791 SCO 1$b3929$fBFS 952 $aVI B 681$b3259$fDDA 959 $aDDA 959 $aBFS 996 $aOpportunitą e tendenze del turismo comunitario$9624830 997 $aUNINA